000 00780nam a22002537a 4500
001 sjds
003 sjds
005 20230920181441.0
008 230920b |||||||| |||| 00| 0 spa d
020 _a9789681645687
020 _a9681645685
040 _csjds
041 _aspa
100 1 _aHeuck, Sigrid.
245 1 3 _aEl buho fantasma y los ratones /
_cSigrid Heuck, Francisco Nava BouchaĆ­n, Maria Ofelia Arruti
246 _aEl buho fantasma y los ratones
260 _aMexico :
_bFondo de Cultura Economica,
_c1994.
300 _a 23 pages :
_b illustrations ;
_c19 cm
440 _aA la orilla del viento ;
_n60
500 _a"Para los que empiezan a leer"--Page 4 of cover
700 1 _aNava BouchaĆ­n, Francisco
700 1 _aArruti, Maria Ofelia
942 _cBK
999 _c28361
_d28361